Responses for Show #3633 - Wednesday, May 24, 2000

Contestants

[<< previous game]

Lauren Cercone, a consumer new products developer originally from Boston, Massachusetts

Jason Wejnert, an engineer from Gilbert, Arizona

Mike Andrews, a writer originally from Detroit, Michigan (whose 1-day cash winnings total $5,901)

[next game >>]

Jeopardy! Round responses

AROUND THE USA
CONTAINERS
TV CATCHPHRASES
(Alex: You identify the show.)
LITERARY QUOTES
TAKE THE KIDS!
FIELD OF "DREAM"s
    $100 17
Chicago

Jason
    $100 11
Hope chest

Mike
    $100 6
The Flintstones

Mike
    $100 1
Robinson Crusoe

Mike
    $100 26
Popeye

Mike
    $100 12
Dreamboat

Mike
    $200 18
Maine

Mike
    $200 22
Bottles

Lauren
    $200 7
The Simpsons

Lauren
    $200 2
Tom Sawyer

Lauren
    $200 27
Crocodile

Mike
    $200 13
"The Dream Team"

Lauren
    $300 19
(Jason: What is Boston?)
(Mike: What is Philadelphia?)
(Lauren: What is Lexington?)

Concord, Massachusetts

MikeJasonLauren
Triple Stumper
    $300 23
(Mike: What is a gondola?)

a basket

MikeJason
    $300 8
The X-Files

Lauren
    $300 3
The Grapes of Wrath

Lauren
    $300 28
Holland (the Netherlands)

Lauren
    $300 14
"Sweet Dreams"

Mike
    $400 20
(Lauren: What is Coeur d'Alene?)

Crater Lake

JasonLauren
    $400 24
Teapot

Triple Stumper
    $400 9
Get Smart

Lauren
    $400 4
Hester Prynne

Mike
    $400 29
(Jason: What is Hawaii?)

Oahu

MikeJason
    $400 15
Dreamgirls

Mike
    $500 21
(Alex: There is no connection between the two!)

Nevada

Jason
    $900 25
Scuttlebutt

Jason
    $500 10
Diff'rent Strokes

Jason
    $500 5
The Snows of Kilimanjaro

Mike
    $500 30
Treasure Island

Mike
    $500 16
The Interpretation Of Dreams

Jason

Scores at the first commercial break (after clue 16):

Mike Jason Lauren
$2,000 $1,000 $1,600

Scores at the end of the Jeopardy! Round:

Mike Jason Lauren
$2,800 $2,500 $1,400

Double Jeopardy! Round responses

THE 1490s
(Alex: Great years!)
CAPITOL RECORDS
SHAKESPEAREAN ACTORS
VIDEO POTPOURRI
COUNTRY NAME ORIGINS
EDIBLE RESPONSES
    $200 8
North America

Lauren
    $200 19
Pink Floyd

Lauren
    $200 3
Macbeth & Lady Macbeth

Mike
    $200 22
a Doberman pinscher

Lauren
    $200 14
Sweden

Mike
    $200 1
Danish

Lauren
    $400 9
Flies

Jason
    $400 24
Paul McCartney

Triple Stumper
    $400 4
Shylock

Mike
    $400 23
a cocktail dress

Mike
    $400 15
Argentina

Mike
    $400 2
Corn

Mike
    $600 10
Moors

Mike
    $600 25
Beastie Boys

Mike
    $600 5
Daniel Day-Lewis

Mike
    $600 29
(Mike: What is an almond?)
(Alex: Be more specific... no, sorry!)

bitter almond (or sweet almond)

Mike
Triple Stumper
    $600 16
(Lauren: What is Macedonia?)

Albania

JasonLauren
    $600 13
Kevin Bacon

Mike
    $800 11
Vasco da Gama

Mike
    $800 26
Robbie Williams

Triple Stumper
    $800 6
Ariel

Mike
    $800 30
a spacewalk (or extra-vehicular activity)

Mike
    $800 17
Chile

Mike
    $800 20
The Cranberries

Triple Stumper
    $1000 12
Lorenzo de Medici

Lauren
    $1000 27
Meredith Brooks

Triple Stumper
    $1000 7
Much Ado About Nothing

Jason
    $1000 28
Jamaica

Mike
    $2,600 18
Barbados

Mike
    $2,000 21
(Lauren: [No response])
...
(Alex: Made them for my daughter this morning!)

waffle

Lauren

Scores at the end of the Double Jeopardy! Round:

Mike Jason Lauren
$13,400 $4,500 $600
(lock game)

[wagering suggestions for these scores]

Final Jeopardy! Round responses

BOOKS & AUTHORS
LaurenWhat is ?
$500
JasonWhat is ice skater (figure)
$3,000
MikeWhat is TV producer
$3,400
Ice/Figure Skater (book written by Peggy Fleming)

Final scores:

Mike Jason Lauren
$10,000 $7,500 $100
2-day champion: $15,901 2nd place: Trip to Quail Lodge Resort & Golf Club, Carmel, California 3rd place: 1-800-GIFT-CERTIFICATE Gift Certificate

Game dynamics:

Coryat scores:

Mike Jason Lauren
$11,800 $4,100 $2,600
29 R
(including 1 DD),
3 W
10 R
(including 1 DD),
2 W
13 R,
4 W
(including 1 DD)

Combined Coryat: $18,500

[game clues] [game scores] [suggest correction]

Game tape date: Unknown
The J! Archive is created by fans, for fans. Scraping, republication, monetization, and malicious use prohibited; this site may use cookies and collect identifying information. See terms. The Jeopardy! game show and all elements thereof, including but not limited to copyright and trademark thereto, are the property of Jeopardy Productions, Inc. and are protected under law. This website is not affiliated with, sponsored by, or operated by Jeopardy Productions, Inc. Join the discussion at JBoard.tv.